| 000 | 01223nam a2200313 i 4500 | ||
|---|---|---|---|
| 001 | bg | ||
| 003 | BPK | ||
| 005 | 20190828120245.0 | ||
| 008 | 970904s1989 pl a f |000 0 pol | ||
| 015 | _aPB 1990/2358 | ||
| 020 | _a8321334334 | ||
| 020 | _a8321334954 | ||
| 020 | _a8321334946 | ||
| 040 |
_aWA N _cBPK |
||
| 080 | _a69 | ||
| 245 | 0 | 0 |
_aWarunki techniczne wykonania i odbioru robót budowlano-montażowych. _nT. 1 cz. 1, _pBudownictwo ogólne / _c [Andrzej Bobociński et al. ; red. nauk. Elżbieta Gomulińska, Andrzej Machalski] ; Ministerstwo Gospodarki Przestrzennej i Budownictwa. Instytut Techniki Budowlanej. |
| 246 | 3 | 0 | _aBudownictwo ogólne |
| 250 |
_a[Wyd. 4 _aStan prawny na dzień 31 maja 1989 r.]. |
||
| 260 |
_aWarszawa : _b"Arkady", _c1989. |
||
| 300 |
_a225 s. : _brys., wykr. |
||
| 504 | _aBibliogr. i normy przy rozdz. | ||
| 650 | 4 |
_aBudownictwo _xtechnika. |
|
| 700 | 1 | _aBobociński, Andrzej. | |
| 710 | 2 |
_aWydawnictwo "Arkady". _4pbl. |
|
| 700 | 1 |
_aGomulińska, Elżbieta _eRedakcja |
|
| 700 | 1 |
_aMachalski, Andrzej _eRedakcja |
|
| 856 |
_uhttp://koha.tu.koszalin.pl/cgi-bin/koha/opac-detail.pl?biblionumber=3964 _yKatalog online BPK |
||
| 942 |
_2UKD _cKS |
||
| 999 |
_c3964 _d3964 |
||